000
00333nam a2200133Ia 4500
008
220524s9999 xx 000 0 und d
041
_a
eng
082
_a
746.1
100
_a
Ding Zhang & Yanpu Yuan
_9
2313
245
_a
An overall collection of China Blue Calico Vein Patterns
260
_b
-
650
_a
Dyeing
_9
2314
906
_a
50
999
_c
4788
_d
4788